|
|
|
|
| LEADER |
01270cam a2200337 a 4500 |
| 001 |
c000391943 |
| 003 |
CARM |
| 005 |
20121106111511.0 |
| 008 |
121106s1985 gw a b 000 0 eng d |
| 019 |
1 |
|
|a 69840352
|5 LACONCORD2021
|
| 020 |
|
|
|a 3528020210
|
| 035 |
|
|
|a (OCoLC)13490193
|5 LACONCORD2021
|
| 040 |
|
|
|a NZOC
|b eng
|c NZOC
|
| 043 |
|
|
|a d------
|
| 050 |
1 |
4 |
|a TD433
|
| 100 |
1 |
|
|a Heber, Gabriele.
|
| 245 |
1 |
0 |
|a Simple methods for the treatment of drinking water /
|c Gabriele Heber.
|
| 260 |
|
|
|a Wiesbaden :
|b Vieweg,
|c c1985.
|
| 300 |
|
|
|a 78 p. :
|b ill. ;
|c 24 cm.
|
| 504 |
|
|
|a Bibliography: p. 73-76.
|
| 650 |
|
0 |
|a Water
|z Developing countries
|x Purification.
|
| 650 |
|
0 |
|a Water quality
|z Developing countries.
|
| 650 |
|
0 |
|a Environmental health
|z Developing countries.
|
| 650 |
|
0 |
|a Drinking water
|x Standards.
|
| 710 |
2 |
|
|a Deutsche Gesellschaft für Technische Zusammenarbeit.
|
| 710 |
2 |
|
|a German Appropriate Technology Exchange
|
| 852 |
8 |
|
|b CARM
|p 0589136
|f BK
|
| 852 |
8 |
|
|b SCAN
|h A3:AG13F0
|i C12822
|p 0589136
|f BK
|
| 999 |
f |
f |
|i 8f703e87-1cb9-592d-b7f6-3c1dd1039739
|s bd1689b0-2d57-5c4c-b613-e5199c3b87cd
|
| 952 |
f |
f |
|p Can circulate
|a CAVAL
|b CAVAL
|c CAVAL
|d CARM 1 Store
|i book
|m 0589136
|
| 952 |
f |
f |
|a CAVAL
|b CAVAL
|c CAVAL
|d Unmapped Location
|e C12822
|f A3:AG13F0
|h Other scheme
|